Primeras constituciones de Colombia y Venezuela 1811-1830 / (Registro nro. 4010)
[ vista simple ]
| 000 -LEADER | |
|---|---|
| fixed length control field | 01078nam a2200241Ia 4500 |
| 003 - CONTROL NUMBER IDENTIFIER | |
| control field | OSt |
| 005 - DATE AND TIME OF LATEST TRANSACTION | |
| control field | 20200729151519.0 |
| 008 - FIXED-LENGTH DATA ELEMENTS--GENERAL INFORMATION | |
| fixed length control field | 191128t1996 ck fr 000 0 spa d |
| 020 ## - INTERNATIONAL STANDARD BOOK NUMBER | |
| International Standard Book Number | 9586162672 |
| 040 ## - CATALOGING SOURCE | |
| Original cataloging agency | CO-JMCR |
| Transcribing agency | CO-JMCR |
| 041 0# - LANGUAGE CODE | |
| Language code of text/sound track or separate title | spa |
| 082 04 - DEWEY DECIMAL CLASSIFICATION NUMBER | |
| Classification number | 342 / |
| Item number | R436p |
| Edition number | 23 |
| 100 1# - MAIN ENTRY--PERSONAL NAME | |
| Personal name | Restrepo Piedrahita, Carlos, |
| Relator term | autor |
| 9 (RLIN) | 442 |
| 245 10 - TITLE STATEMENT | |
| Title | Primeras constituciones de Colombia y Venezuela 1811-1830 / |
| Statement of responsibility, etc. | Carlos Restrepo Piedrahita |
| 250 ## - EDITION STATEMENT | |
| Edition statement | Segunda edición |
| 260 ## - PUBLICATION, DISTRIBUTION, ETC. | |
| Place of publication, distribution, etc. | Bogotá : |
| Name of publisher, distributor, etc. | Universidad Externado de Colombia, |
| Date of publication, distribution, etc. | ©1996 |
| 300 ## - PHYSICAL DESCRIPTION | |
| Extent | 454 páginas ; |
| Dimensions | 25 cm. |
| 504 ## - BIBLIOGRAPHY, ETC. NOTE | |
| Bibliography, etc. note | Bibliografía: páginas 445-454 |
| 505 0# - FORMATTED CONTENTS NOTE | |
| Formatted contents note | Delimitación del período histórico -- Los desarrollos constitucionales en las provincias -- En la Nueva Granada (1811-1815) -- Intermedio: la constitución de Cadiz -- Dos apostillas marginales -- Otros tres años heroicos -- Hacia la República de Colombia |
| 650 14 - SUBJECT ADDED ENTRY--TOPICAL TERM | |
| Topical term or geographic name entry element | Historia constitucional |
| General subdivision | historia |
| Chronological subdivision | 1811-1830 |
| Geographic subdivision | Colombia |
| 9 (RLIN) | 8115 |
| 650 14 - SUBJECT ADDED ENTRY--TOPICAL TERM | |
| Topical term or geographic name entry element | Historia constitucional |
| General subdivision | historia |
| Chronological subdivision | 1811-1830 |
| Geographic subdivision | Venezuela |
| 9 (RLIN) | 8116 |
| 942 ## - ADDED ENTRY ELEMENTS (KOHA) | |
| Source of classification or shelving scheme | Dewey Decimal Classification |
| Koha item type | Books |
| Withdrawn status | Lost status | Source of classification or shelving scheme | Damaged status | Not for loan | Collection code | Home library | Current library | Date acquired | Source of acquisition | Full call number | Barcode | Date last seen | Copy number | Koha item type |
|---|---|---|---|---|---|---|---|---|---|---|---|---|---|---|
| Dewey Decimal Classification | Non-fiction | Biblioteca Pública José María del Castillo y Rada | Biblioteca Pública José María del Castillo y Rada | 12/01/2017 | Donación | 342 / R436p | 201808802 | 05/16/2024 | Ej.1 | Books |